000 00258nam a2200097Ia 4500
008 120527s9999 xx 000 0 und d
100 _aBuck,L.E.et al.
245 _aAgroforestry in sustainable agricultural systems.
260 _bLewis Publishers
942 _cBK
999 _c23228
_d23228